| 000 | 00594nam a2200181Ia 4500 | ||
|---|---|---|---|
| 008 | 151202s9999||||xx |||||||||||||| ||und|| | ||
| 082 | _bPNVM-59350 | ||
| 100 | _aपोखरकर प्रशांत. | ||
| 245 | _aब्लॅक टायगर. | ||
| 260 | _b"पुष्प प्रकाशन, पुणे." | ||
| 260 | _c59350 | ||
| 300 | _a188 | ||
| 600 | _aपोखरकर प्रशांत. | ||
| 630 | _aब्लॅक टायगर. | ||
| 700 | _aपोखरकर प्रशांत. | ||
| 730 | _aब्लॅक टायगर. | ||
| 942 | _cBOOK | ||
| 999 |
_c1325884 _d1325881 |
||